Labirinto di passione /
Na minha lista:
| Outros Autores: | |
|---|---|
| Formato: | |
| Idioma: | Língua italiana |
| Publicado em: |
[S. l.] :
Videogram,
c1991
|
| Tags: |
Sem tags, seja o primeiro a adicionar uma tag!
|
MARC
| LEADER | 00000ngm a22000007i 4500 | ||
|---|---|---|---|
| 001 | IT\ICCU\TO0\1384014 | ||
| 003 | ItRI | ||
| 005 | 20260124182913.0 | ||
| 008 | 050216s1991 it |||||||||||||||k|||||c | ||
| 040 | |b ita | ||
| 041 | 7 | |a ita |2 ISO-639-2 | |
| 245 | 0 | 0 | |a Labirinto di passione / |c regia: Pedro Almodovar ; con Cecilia Roth, Imanol Arias. |
| 260 | |a [S. l.] : |b Videogram, |c c1991 | ||
| 300 | |a 1 videocassetta (VHS) (95 min. ca.) : |b color., son. (Hi-fi stereo) | ||
| 500 | |a Ripr. del film del 1982 | ||
| 500 | |a Versione originale con sottotitoli | ||
| 500 | |a Vietato ai minori di 14 anni. | ||
| 700 | 1 | |a Almodóvar, Pedro |0 IT\ICCU\CFIV\096565 | |
| 790 | 1 | |a Almodóvar Caballero, Pedro |3 IT\ICCU\SBNV\072548 |z Almodóvar, Pedro | |
| 942 | |2 ddc |c VM |n 0 | ||
| 952 | |0 0 |1 0 |4 0 |6 VO_184_000000000000000 |7 0 |9 27840 |a BO |b BO |d 2026-01-24 |i 6375 |l 0 |o VO 184 |p BO6375 |r 2026-01-24 18:29:13 |w 2026-01-24 |x [Sebina 5] [1 videocassetta] |y VM |z 1 videocassetta | ||
| 999 | |c 23601 |d 23601 | ||